[Event "Hessen Senioren-ch 2012  8th"]
[Site "Bad Sooden-Adf. (14.4.-22.4)"]
[Date "2012.04.21"]
[Round "8.60"]
[White "Wilfert, Eva-Maria"]
[Black "Micheel, Peter"]
[Result "1/2-1/2"]
[WhiteElo "1469"]
[BlackElo "1697"]
[PlyCount "25"]
[EventDate "2012.04.??"]
[EventType "swiss"]
[EventRounds "9"]
[EventCountry "GER"]
[WhiteTeam "Hof PTSV SK"]
[BlackTeam "Graal-Müritz SSC"]

1. e4 e6 2. d4 d5 3. Nd2 Nc6 4. Ngf3 Nf6 5. e5 Nd7 6. Nb3 f6 7. Bf4 fxe5 8.
dxe5 Be7 9. Qd2 O-O 10. Bg3 Nc5 11. Nxc5 Bxc5 12. a3 a5 13. Bd3 1/2-1/2

[Event "Hessen Senioren-ch 2012  8th"]
[Site "Bad Sooden-Adf. (14.4.-22.4)"]
[Date "2012.04.21"]
[Round "8.61"]
[White "Blosze, Winfried"]
[Black "Fuchs, Manfred(38)"]
[Result "1-0"]
[WhiteElo "1710"]
[BlackElo "1523"]
[PlyCount "101"]
[EventDate "2012.04.??"]
[EventType "swiss"]
[EventRounds "9"]
[EventCountry "GER"]
[WhiteTeam "Großauheim 1929 SV"]
[BlackTeam "Erkrath 1973 SC"]

1. e4 e6 2. d4 d6 3. Nc3 a6 4. Be3 Be7 5. Bd3 Nd7 6. f4 c5 7. Nf3 b5 8. a3 c4
9. Be2 Bb7 10. O-O Ngf6 11. Nd2 O-O 12. Bf3 Nb6 13. Qe1 g6 14. Qf2 Nbd7 15. f5
exf5 16. exf5 Bxf3 17. Qxf3 Nh5 18. Nde4 Ndf6 19. Bh6 Ng7 20. g4 Nxe4 21. Nxe4
d5 22. Nc3 Bg5 23. Bxg5 Qxg5 24. Kh1 Rae8 25. Nxd5 Rd8 26. Rad1 Ne8 27. fxg6
hxg6 28. Ne3 Rd6 29. Qg3 Qe7 30. c3 Kg7 31. Ng2 Nf6 32. Rde1 Qd7 33. h3 Qc6 34.
Kh2 Re6 35. Rxe6 Qxe6 36. Re1 Qd7 37. g5 Nh5 38. Qe5+ Kg8 39. Nf4 Ng7 40. Nd5
Nh5 41. Nf6+ Nxf6 42. gxf6 Rc8 43. Qg5 Qd6+ 44. Kg2 Rd8 45. Kg1 a5 46. h4 b4
47. axb4 axb4 48. h5 Qf8 49. hxg6 fxg6 50. Qxg6+ Kh8 51. Re5 1-0

[Event "Hessen Senioren-ch 2012  8th"]
[Site "Bad Sooden-Adf. (14.4.-22.4)"]
[Date "2012.04.21"]
[Round "8.63"]
[White "Kirchberg, Hans-Georg"]
[Black "Schlag, Franz"]
[Result "0-1"]
[WhiteElo "1598"]
[BlackElo "1837"]
[PlyCount "98"]
[EventDate "2012.04.??"]
[EventType "swiss"]
[EventRounds "9"]
[EventCountry "GER"]
[WhiteTeam "Dingelstädt SK"]
[BlackTeam "Bad Hersfeld SK"]

1. d4 d5 2. Nf3 Bg4 3. e3 c6 4. h3 Bh5 5. Be2 Nd7 6. c4 e6 7. Nc3 Bb4 8. cxd5
exd5 9. O-O Ne7 10. Re1 O-O 11. a3 Ba5 12. b4 Bc7 13. Nh4 Bxe2 14. Qxe2 f5 15.
Nf3 Ng6 16. b5 Nf6 17. a4 Ne4 18. Bb2 Qf6 19. Rac1 Rae8 20. Nxd5 cxd5 21. Rxc7
f4 22. Ba3 fxe3 23. Qxe3 Rf7 24. Rxf7 Qxf7 25. Ng5 Qd7 26. Nxe4 Rxe4 27. Qd2
Qe6 28. Rxe4 Qxe4 29. Qe3 Kf7 30. Qxe4 dxe4 31. Kf1 Nf4 32. Bc1 Nd3 33. Be3 a6
34. bxa6 bxa6 35. a5 Ke6 36. Ke2 Nb2 37. Bd2 Nc4 38. f4 exf3+ 39. gxf3 Kd5 40.
Bc3 g6 41. Kd3 Nd6 42. h4 Nf5 43. Be1 Nxd4 44. f4 Nf5 45. Bf2 Nd6 46. Be3 Nc4
47. Bb6 Nxb6 48. axb6 Kc6 49. h5 Kxb6 0-1

[Event "Hessen Senioren-ch 2012  8th"]
[Site "Bad Sooden-Adf. (14.4.-22.4)"]
[Date "2012.04.21"]
[Round "8.64"]
[White "Burckhardt, Karl"]
[Black "Narr, Irmgard"]
[Result "1-0"]
[WhiteElo "1725"]
[BlackElo "1485"]
[PlyCount "47"]
[EventDate "2012.04.??"]
[EventType "swiss"]
[EventRounds "9"]
[EventCountry "GER"]
[WhiteTeam "Fulda SC"]
[BlackTeam "Mühlhof-Rdf. SC"]

1. e4 e5 2. d4 exd4 3. c3 dxc3 4. Nxc3 Bb4 5. Nf3 Bxc3+ 6. bxc3 Nc6 7. Bc4 Ne5
8. Nxe5 Nh6 9. Bxh6 gxh6 10. Nxf7 Qf6 11. e5 Qg7 12. Nxh8 Qxh8 13. Qh5+ Kd8 14.
O-O Qg7 15. Rfe1 b6 16. e6 dxe6 17. Rad1+ Ke7 18. Qd5 Rb8 19. Qd8+ Kf7 20.
Qxc7+ Kf6 21. Qxb8 Bb7 22. Qf4+ Kg6 23. Rxe6+ Kh5 24. Be2+ 1-0

[Event "Hessen Senioren-ch 2012  8th"]
[Site "Bad Sooden-Adf. (14.4.-22.4)"]
[Date "2012.04.21"]
[Round "8.65"]
[White "Strozewski, Guenter"]
[Black "Kienel, Norbert"]
[Result "0-1"]
[WhiteElo "1526"]
[BlackElo "1696"]
[PlyCount "106"]
[EventDate "2012.04.??"]
[EventType "swiss"]
[EventRounds "9"]
[EventCountry "GER"]
[WhiteTeam "Erkenschwick SV"]
[BlackTeam "Osnabrück SV"]

1. e4 c5 2. Nf3 Nc6 3. d4 cxd4 4. Nxd4 Nf6 5. Nc3 e6 6. a3 d5 7. exd5 Nxd5 8.
Bb5 Bd7 9. O-O Nxc3 10. bxc3 Nxd4 11. Bxd7+ Qxd7 12. cxd4 Be7 13. Rb1 O-O 14.
Re1 Rfd8 15. Bb2 Rac8 16. Re3 Bf6 17. Rh3 h6 18. c3 e5 19. Rd3 exd4 20. cxd4
Qd5 21. Qg4 Rc2 22. Qd1 Rdc8 23. Rd2 Qe4 24. Rxc2 Rxc2 25. Ba1 Rd2 26. Qc1 b6
27. h3 Bxd4 28. Bxd4 Qxd4 29. Qc8+ Qd8 30. Qg4 Rd3 31. Rc1 Qd7 32. Rc8+ Kh7 33.
Qe4+ f5 34. Qc4 Rd1+ 35. Kh2 Qd6+ 36. g3 Qd5 37. Qxd5 Rxd5 38. Rc3 Rc5 39. Re3
Ra5 40. Rd3 Kg6 41. Kg2 Kf6 42. h4 Ke6 43. Kf3 Ra4 44. h5 Kf6 45. Rd6+ Kg5 46.
Rg6+ Kxh5 47. Rxg7 Rxa3+ 48. Kf4 b5 49. f3 a5 50. Rb7 Kg6 51. Rxb5 Ra4+ 52. Ke5
Ra3 53. Kf4 Ra4+ 0-1

[Event "Hessen Senioren-ch 2012  8th"]
[Site "Bad Sooden-Adf. (14.4.-22.4)"]
[Date "2012.04.21"]
[Round "8.66"]
[White "Willms, Willi"]
[Black "Burkardt, Robert"]
[Result "1-0"]
[WhiteElo "1695"]
[BlackElo "1521"]
[PlyCount "67"]
[EventDate "2012.04.??"]
[EventType "swiss"]
[EventRounds "9"]
[EventCountry "GER"]
[WhiteTeam "Rheydter SV"]
[BlackTeam "Fechenheim SV"]

1. e4 e5 2. Nf3 Nc6 3. Bb5 d6 4. h3 Nf6 5. d3 Be7 6. Be3 O-O 7. O-O a6 8. Ba4
h6 9. c3 b5 10. Bc2 Bb7 11. a3 Nb8 12. Nbd2 c5 13. Re1 Nbd7 14. Nf1 Rc8 15. Ng3
Rc6 16. Qd2 Nh7 17. Rad1 Ng5 18. Nf5 Nxf3+ 19. gxf3 Bg5 20. f4 exf4 21. Bxf4
Bxf4 22. Qxf4 Qf6 23. Kh2 Ne5 24. Rg1 Kh7 25. Rxg7+ Qxg7 26. Nxg7 Kxg7 27. Rg1+
Ng6 28. Qg3 Kh7 29. f4 Rg8 30. f5 Ne7 31. Qh4 Rxg1 32. Kxg1 Ng8 33. Kf2 Rc7 34.
Qd8 1-0

[Event "Hessen Senioren-ch 2012  8th"]
[Site "Bad Sooden-Adf. (14.4.-22.4)"]
[Date "2012.04.21"]
[Round "8.67"]
[White "Husser, Oskar"]
[Black "Schmieder, Wolfgang"]
[Result "0-1"]
[WhiteElo "1649"]
[BlackElo "1551"]
[PlyCount "120"]
[EventDate "2012.04.??"]
[EventType "swiss"]
[EventRounds "9"]
[EventCountry "GER"]
[WhiteTeam "Falkensee Caissa SC"]
[BlackTeam "Kassel SVH"]

1. Nf3 c5 2. g3 b6 3. Bg2 Bb7 4. O-O Nf6 5. d3 g6 6. Nbd2 Bg7 7. e4 d6 8. Re1
O-O 9. c3 Nbd7 10. Nf1 h6 11. Nh4 e5 12. f4 Kh7 13. Ne3 Ng8 14. f5 Qe7 15. Rf1
Bf6 16. Nf3 Bg7 17. Qe2 a5 18. a4 Ndf6 19. Nd2 Ba6 20. Ndc4 Rab8 21. Bd2 g5 22.
Rab1 Rfd8 23. b4 axb4 24. cxb4 Qc7 25. Ng4 Bb7 26. bxc5 bxc5 27. Ba5 Qd7 28.
Bxd8 Qxd8 29. Nge3 Ba6 30. a5 Ne7 31. Bf3 Nc6 32. Rb6 Nd4 33. Qd1 Nxf3+ 34.
Qxf3 Rxb6 35. axb6 Bb7 36. Rb1 d5 37. exd5 Nxd5 38. Nxd5 Bxd5 39. Qe3 Qa8 40.
Nd6 Qa2 41. Ne4 Qxb1+ 42. Kg2 Qxb6 43. Kh3 Bxe4 44. Qxe4 f6 45. Qd5 Qc7 46. g4
Bf8 47. Qe6 Qe7 48. Qd5 Qd6 49. Qc4 Kg7 50. Qb5 Qd8 51. Qb7+ Be7 52. Qf3 Qd4
53. Qe2 c4 54. dxc4 e4 55. Kg2 Qd3 56. Kf1 Qxe2+ 57. Kxe2 Bc5 58. Kd2 Kf7 59.
Ke2 Ke7 60. Kd2 Kd6 0-1

[Event "Hessen Senioren-ch 2012  8th"]
[Site "Bad Sooden-Adf. (14.4.-22.4)"]
[Date "2012.04.21"]
[Round "8.68"]
[White "Krueger, Bernhard"]
[Black "Roth, Reinhard"]
[Result "1/2-1/2"]
[WhiteElo "1530"]
[BlackElo "1596"]
[PlyCount "51"]
[EventDate "2012.04.??"]
[EventType "swiss"]
[EventRounds "9"]
[EventCountry "GER"]
[WhiteTeam "Grunbach SC"]
[BlackTeam "Königstein/Schwalbach Sfr."]

1. c4 e5 2. Nc3 Nf6 3. g3 Bc5 4. e3 O-O 5. Bg2 c6 6. Nge2 d5 7. cxd5 cxd5 8.
O-O Bg4 9. f3 Be6 10. d4 exd4 11. exd4 Be7 12. a3 a6 13. Kh1 Nc6 14. b4 h6 15.
Be3 Rc8 16. Qd2 Nh7 17. f4 f5 18. Ng1 Nf6 19. Nf3 Ne4 20. Nxe4 fxe4 21. Ne5 Qe8
22. Qe2 Nxe5 23. fxe5 Bd7 24. Qa2 Be6 25. Bxe4 Qb5 26. Bg2 1/2-1/2

[Event "Hessen Senioren-ch 2012  8th"]
[Site "Bad Sooden-Adf. (14.4.-22.4)"]
[Date "2012.04.21"]
[Round "8.70"]
[White "Hielscher, Klaus-Wieprecht"]
[Black "Jung, Michael Prof(40)"]
[Result "1-0"]
[WhiteElo "1545"]
[BlackElo "1621"]
[PlyCount "43"]
[EventDate "2012.04.??"]
[EventType "swiss"]
[EventRounds "9"]
[EventCountry "GER"]
[WhiteTeam "Braunschweiger SF"]
[BlackTeam "Osnabrück SV"]

1. c4 c6 2. d4 d5 3. e3 Nf6 4. Nd2 g6 5. Bd3 Bg7 6. cxd5 cxd5 7. Ngf3 O-O 8.
O-O a6 9. a4 Nc6 10. b3 Nb4 11. Bb1 Re8 12. Ba3 Nc6 13. Bd3 e5 14. dxe5 Nxe5
15. Nxe5 Rxe5 16. Bb2 Re7 17. Bd4 Be6 18. Rc1 Rc8 19. Rxc8 Qxc8 20. b4 Nh5 21.
Nb3 Rc7 22. Be5 1-0

[Event "Hessen Senioren-ch 2012  8th"]
[Site "Bad Sooden-Adf. (14.4.-22.4)"]
[Date "2012.04.21"]
[Round "8.71"]
[White "Gelzinnus, Siegfried"]
[Black "Graffenberger, Wilhelm"]
[Result "1-0"]
[WhiteElo "1615"]
[BlackElo "1484"]
[PlyCount "98"]
[EventDate "2012.04.??"]
[EventType "swiss"]
[EventRounds "9"]
[EventCountry "GER"]
[WhiteTeam "Wetzlar Anderssen Sfr."]
[BlackTeam "Hamburger SK"]

1. b4 e5 2. Bb2 f6 3. b5 c6 4. a4 d5 5. e3 Bd6 6. Ba3 Ne7 7. c4 O-O 8. c5 Bc7
9. Nc3 Be6 10. Nf3 Nd7 11. Be2 b6 12. bxc6 Nxc6 13. cxb6 Bxb6 14. Bxf8 Qxf8 15.
Rb1 e4 16. Bb5 Nce5 17. Nxe5 Nxe5 18. O-O Rd8 19. Ne2 Bg4 20. h3 Bh5 21. Re1
Ba5 22. Rb3 Nc4 23. Bxc4 dxc4 24. Rb5 Rxd2 25. Qc1 Rxe2 26. Qxc4+ Bf7 27. Qxe2
Bxe1 28. Qxe1 Bc4 29. Rb7 a6 30. Qb4 Qxb4 31. Rxb4 Bd3 32. g4 Kf7 33. Kg2 Ke6
34. Rb7 g5 35. Rxh7 Bc2 36. a5 Ke5 37. Rc7 Bd3 38. Kg3 Kd6 39. Rc8 Kd7 40. Rc5
Kd6 41. Rf5 Ke6 42. h4 gxh4+ 43. Kxh4 Be2 44. Kh5 Bd1 45. Kg6 Bxg4 46. Rxf6+
Kd5 47. Rxa6 Bc8 48. Rb6 Kc5 49. Rb2 Ba6 1-0

[Event "Hessen Senioren-ch 2012  8th"]
[Site "Bad Sooden-Adf. (14.4.-22.4)"]
[Date "2012.04.21"]
[Round "8.72"]
[White "Schiller, Hans(42)"]
[Black "Neumann, Peter Dr(39)"]
[Result "1-0"]
[WhiteElo "1611"]
[BlackElo "1462"]
[PlyCount "97"]
[EventDate "2012.04.??"]
[EventType "swiss"]
[EventRounds "9"]
[EventCountry "GER"]
[WhiteTeam "Bad Lausick Sfr."]
[BlackTeam "Warnemünde SF"]

1. d4 Nf6 2. Nf3 g6 3. e3 Bg7 4. Be2 d6 5. O-O Nbd7 6. Nbd2 O-O 7. c3 e5 8.
dxe5 dxe5 9. Qc2 Re8 10. e4 Nf8 11. Nc4 N6d7 12. Rd1 Qe7 13. Ne3 c6 14. Nc4 Rd8
15. Bg5 f6 16. Bh4 g5 17. Bg3 Nb6 18. h4 h6 19. Ne3 Be6 20. Nf5 Bxf5 21. exf5
Kh8 22. Qe4 Re8 23. hxg5 hxg5 24. Nd2 Nd5 25. Qg4 Nf4 26. Bxf4 gxf4 27. Ne4
Rad8 28. Qh4+ Nh7 29. Bh5 Rg8 30. Bg6 Rxd1+ 31. Rxd1 Bf8 32. Rd6 Qg7 33. Qxh7+
Qxh7 34. Bxh7 Kxh7 35. Nxf6+ Kh8 36. Rd8 Kg7 37. Nxg8 Kxg8 38. Re8 Kf7 39. Rxe5
Kf6 40. Re8 Bc5 41. Rh8 b6 42. b4 Bd6 43. Rh6+ Ke5 44. Rxd6 Kxd6 45. g4 fxg3
46. fxg3 Ke5 47. g4 Kf6 48. Kf2 Kg5 49. Ke3 1-0

[Event "Hessen Senioren-ch 2012  8th"]
[Site "Bad Sooden-Adf. (14.4.-22.4)"]
[Date "2012.04.21"]
[Round "8.73"]
[White "Pastowski, Werner"]
[Black "Janzen, Christian(36)"]
[Result "1/2-1/2"]
[WhiteElo "1505"]
[BlackElo "1619"]
[PlyCount "35"]
[EventDate "2012.04.??"]
[EventType "swiss"]
[EventRounds "9"]
[EventCountry "GER"]
[WhiteTeam "Schmalkalden 04 SV"]
[BlackTeam "Berlin Marienfelde TSV"]

1. d4 d5 2. Nf3 Nf6 3. Nc3 e6 4. Bf4 Bd6 5. Bg3 O-O 6. e3 Re8 7. Bd3 b6 8. O-O
Bxg3 9. hxg3 Nbd7 10. e4 dxe4 11. Nxe4 Bb7 12. Re1 Nxe4 13. Bxe4 Bxe4 14. Rxe4
Nf6 15. Rh4 Qd5 16. Qd3 Rad8 17. b3 g6 18. c4 1/2-1/2

[Event "Hessen Senioren-ch 2012  8th"]
[Site "Bad Sooden-Adf. (14.4.-22.4)"]
[Date "2012.04.21"]
[Round "8.74"]
[White "Auerswald, Gottfried Dr"]
[Black "Van Vorselen, Theo"]
[Result "1-0"]
[WhiteElo "1499"]
[BlackElo "1551"]
[PlyCount "29"]
[EventDate "2012.04.??"]
[EventType "swiss"]
[EventRounds "9"]
[EventCountry "GER"]
[WhiteTeam "Dingelstädt SK"]
[BlackTeam "NED/Den Haag DD"]
[BlackTeamCountry "NED"]

1. e4 c5 2. Nc3 e6 3. f4 Nc6 4. Nf3 d5 5. exd5 exd5 6. Bb5 a6 7. Bxc6+ bxc6 8.
d3 Nf6 9. O-O Be7 10. Ne5 Bb7 11. Qf3 Qd6 12. Bd2 O-O 13. Rae1 Nd7 14. Qh3 Rae8
15. Qxd7 1-0

[Event "Hessen Senioren-ch 2012  8th"]
[Site "Bad Sooden-Adf. (14.4.-22.4)"]
[Date "2012.04.21"]
[Round "8.76"]
[White "Kleist, Werner(35)"]
[Black "Schneider, Hans(31)"]
[Result "1/2-1/2"]
[WhiteElo "1480"]
[BlackElo "1491"]
[PlyCount "50"]
[EventDate "2012.04.??"]
[EventType "swiss"]
[EventRounds "9"]
[EventCountry "GER"]
[WhiteTeam "GER/Berlin"]
[BlackTeam "Oberhausen SW SV"]

1. b4 e5 2. b5 a6 3. c4 axb5 4. cxb5 c6 5. Bb2 d6 6. e3 Bd7 7. Nc3 Nf6 8. a4
Be7 9. Nf3 O-O 10. Be2 cxb5 11. axb5 Rxa1 12. Qxa1 h6 13. O-O Be6 14. Rc1 Nbd7
15. Qa7 Qb6 16. Ra1 Rb8 17. d3 Bf8 18. Nd2 Qxa7 19. Rxa7 d5 20. d4 e4 21. Na4
Ne8 22. Nb3 Nd6 23. Nac5 Nb6 24. Nxe6 fxe6 25. Nc5 Kf7 1/2-1/2

[Event "Hessen Senioren-ch 2012  8th"]
[Site "Bad Sooden-Adf. (14.4.-22.4)"]
[Date "2012.04.21"]
[Round "8.77"]
[White "Scholze, Roland"]
[Black "Mittelstaedt, Ewald"]
[Result "1-0"]
[WhiteElo "1630"]
[BlackElo "1405"]
[PlyCount "81"]
[EventDate "2012.04.??"]
[EventType "swiss"]
[EventRounds "9"]
[EventCountry "GER"]
[WhiteTeam "Dresden Lok SV"]
[BlackTeam "München Tarrasch SC"]

1. d4 g6 2. e4 Bg7 3. Nc3 e6 4. Nf3 Ne7 5. Bd3 c5 6. Be3 cxd4 7. Nxd4 O-O 8.
Qd2 Nbc6 9. Nxc6 bxc6 10. Bh6 d5 11. Bxg7 Kxg7 12. exd5 exd5 13. O-O Nf5 14.
Ne2 Qb6 15. c3 Re8 16. Rae1 Nd6 17. Ng3 Be6 18. b3 f5 19. h4 Bf7 20. h5 Ne4 21.
Bxe4 dxe4 22. Qg5 Qd8 23. Nxf5+ Kh8 24. Qxd8 Raxd8 25. hxg6 Bxg6 26. Ne3 Rd2
27. a4 Bh5 28. g4 Bg6 29. Rd1 Red8 30. Rxd2 Rxd2 31. Rd1 Rd3 32. Rxd3 exd3 33.
Kf1 h5 34. gxh5 Bxh5 35. Ke1 Bf7 36. c4 Kg7 37. Kd2 Bg6 38. Ng4 Bf5 39. Ne5 c5
40. Nxd3 Bxd3 41. Kxd3 1-0

[Event "Hessen Senioren-ch 2012  8th"]
[Site "Bad Sooden-Adf. (14.4.-22.4)"]
[Date "2012.04.21"]
[Round "8.78"]
[White "Knobling, Rolf"]
[Black "Papenkordt, Karl-Hermann"]
[Result "0-1"]
[WhiteElo "1346"]
[BlackElo "1628"]
[PlyCount "86"]
[EventDate "2012.04.??"]
[EventType "swiss"]
[EventRounds "9"]
[EventCountry "GER"]
[WhiteTeam "Erfurt USV"]
[BlackTeam "Witten SG"]

1. e4 c5 2. Nf3 Nc6 3. d4 cxd4 4. Nxd4 Nf6 5. f3 d5 6. exd5 Qxd5 7. Nxc6 Qxd1+
8. Kxd1 bxc6 9. Bc4 Bf5 10. Bd3 Bxd3 11. cxd3 e6 12. Bg5 Nd5 13. Nc3 f6 14. Bd2
Rb8 15. Nxd5 cxd5 16. b3 Bd6 17. Rc1 Kd7 18. g3 h5 19. Ke2 g5 20. Kf2 g4 21. f4
Rh7 22. Be3 a6 23. h3 f5 24. h4 Rhh8 25. Rc2 Rhc8 26. Rhc1 Rxc2+ 27. Rxc2 Rc8
28. Rxc8 Kxc8 29. Bd4 Kc7 30. Ke2 Kc6 31. Kd1 Kb5 32. Bc3 Bc5 33. Be1 Be3 34.
Kc2 Bd4 35. a3 a5 36. Kb1 a4 37. b4 e5 38. fxe5 Bxe5 39. Kc2 f4 40. gxf4 Bxf4
41. Bf2 g3 42. Bd4 g2 43. Kd1 Bh2 0-1

[Event "Hessen Senioren-ch 2012  8th"]
[Site "Bad Sooden-Adf. (14.4.-22.4)"]
[Date "2012.04.21"]
[Round "8.79"]
[White "Barlo, Werner"]
[Black "Ludwig, Richard(44)"]
[Result "0-1"]
[WhiteElo "1594"]
[BlackElo "1497"]
[PlyCount "59"]
[EventDate "2012.04.??"]
[EventType "swiss"]
[EventRounds "9"]
[EventCountry "GER"]
[WhiteTeam "Berlin Zehlendorf SK"]
[BlackTeam "Irxleben SV"]

1. d4 Nf6 2. Nf3 d5 3. c4 dxc4 4. Nc3 b6 5. e4 Bb7 6. d5 h6 7. Bxc4 c6 8. O-O
Ba6 9. Bxa6 Nxa6 10. dxc6 Qc7 11. Qe2 Nb8 12. e5 Nh7 13. Be3 e6 14. Rac1 a6 15.
Rfd1 Be7 16. Ne4 O-O 17. Nd6 Nxc6 18. Nd4 Nxd4 19. Rxd4 Qa7 20. Rdc4 Bxd6 21.
exd6 Rfd8 22. Rc7 Qb8 23. Qf3 Nf6 24. Bxh6 Rxd6 25. Qg3 Ne8 26. Bxg7 Qxc7 27.
Bh6+ Kh7 28. Qe3 Qe7 29. g3 Rad8 30. Bg5 0-1

[Event "Hessen Senioren-ch 2012  8th"]
[Site "Bad Sooden-Adf. (14.4.-22.4)"]
[Date "2012.04.21"]
[Round "8.80"]
[White "Hopp, Barbara Dr"]
[Black "Hilbig, Klaus"]
[Result "1-0"]
[WhiteElo "1413"]
[BlackElo "1535"]
[PlyCount "20"]
[EventDate "2012.04.??"]
[EventType "swiss"]
[EventRounds "9"]
[EventCountry "GER"]
[WhiteTeam "Oberursel SV"]
[BlackTeam "Ahrensburger TSV"]

1. d4 Nf6 2. Nf3 g6 3. c3 Bg7 4. e4 d6 5. Bc4 O-O 6. Nbd2 e5 7. O-O Nh5 8. Bd3
Nc6 9. d5 Ne7 10. Qc2 f5 1-0

[Event "Hessen Senioren-ch 2012  8th"]
[Site "Bad Sooden-Adf. (14.4.-22.4)"]
[Date "2012.04.21"]
[Round "8.82"]
[White "Schwichtenberg, Juergen"]
[Black "Klose, Hans-Peter"]
[Result "1-0"]
[WhiteElo "1545"]
[BlackElo "1442"]
[PlyCount "66"]
[EventDate "2012.04.??"]
[EventType "swiss"]
[EventRounds "9"]
[EventCountry "GER"]
[WhiteTeam "Hofheim 1920 SV"]
[BlackTeam "Göttingen Rot-Weiß ESV"]

1. b4 Nf6 2. Bb2 g6 3. b5 Bg7 4. c4 O-O 5. Nf3 d6 6. d4 c6 7. a4 cxb5 8. axb5
b6 9. e3 Qc7 10. Be2 Bf5 11. Nbd2 Nbd7 12. Nh4 e6 13. O-O Ne4 14. Nxf5 exf5 15.
g3 Ng5 16. h4 Ne4 17. Kg2 Ndf6 18. Ra4 Ng4 19. Nxe4 Qb7 20. Bxg4 fxe4 21. Qb3
h5 22. Be2 Kh7 23. Rfa1 f5 24. Ba3 Rfd8 25. Bb2 Bh6 26. Qa3 Bf8 27. Rxa7 Rxa7
28. Qxa7 Rd7 29. Qxb7 Rxb7 30. d5 Be7 31. Ra8 g5 32. hxg5 Bxg5 33. Bxh5 Rc7 1-0

[Event "Hessen Senioren-ch 2012  8th"]
[Site "Bad Sooden-Adf. (14.4.-22.4)"]
[Date "2012.04.21"]
[Round "8.83"]
[White "Dinius, Helmut"]
[Black "Luebbers, Doris Dr"]
[Result "1/2-1/2"]
[WhiteElo "1475"]
[BlackElo "1345"]
[PlyCount "46"]
[EventDate "2012.04.??"]
[EventType "swiss"]
[EventRounds "9"]
[EventCountry "GER"]
[WhiteTeam "Ludwigsstadt TSV"]
[BlackTeam "Königstein/Schwalbach Sfr."]

1. e4 c5 2. Nc3 d6 3. g3 Nf6 4. Bg2 e6 5. d3 Be7 6. Nge2 a6 7. O-O O-O 8. Kh1
Nc6 9. f4 Qc7 10. a3 Rb8 11. d4 cxd4 12. Nxd4 Nxd4 13. Qxd4 b5 14. Qd1 Bb7 15.
Qe2 Rbd8 16. Be3 Qb8 17. Bg1 Nd7 18. Rad1 Bf6 19. Rd3 Nc5 20. Bxc5 dxc5 21. e5
Bxg2+ 22. Kxg2 Be7 23. Kh3 c4 1/2-1/2

[Event "Hessen Senioren-ch 2012  8th"]
[Site "Bad Sooden-Adf. (14.4.-22.4)"]
[Date "2012.04.21"]
[Round "8.84"]
[White "Wauer, Klaus"]
[Black "Knaak, Hans"]
[Result "0-1"]
[WhiteElo "1362"]
[BlackElo "1582"]
[PlyCount "49"]
[EventDate "2012.04.??"]
[EventType "swiss"]
[EventRounds "9"]
[EventCountry "GER"]
[WhiteTeam "Nordhausen 51 SC"]
[BlackTeam "Forster 95 SC"]

1. e4 c5 2. Nf3 d6 3. d4 cxd4 4. Nxd4 Nf6 5. Nc3 a6 6. Be2 e5 7. Nb3 Be7 8. Be3
O-O 9. Qd2 Nbd7 10. O-O-O b6 11. h4 Bb7 12. Bf3 Rc8 13. h5 Nc5 14. Nxc5 dxc5
15. Qe2 Qc7 16. Nd5 Bxd5 17. exd5 Rfd8 18. g4 Qd6 19. g5 Nd7 20. Be4 b5 21. g6
h6 22. gxf7+ Kh8 23. Bg6 Rf8 24. Bxh6 gxh6 25. Rhg1 0-1

[Event "Hessen Senioren-ch 2012  8th"]
[Site "Bad Sooden-Adf. (14.4.-22.4)"]
[Date "2012.04.21"]
[Round "8.85"]
[White "Maczollek, Helmut"]
[Black "Rollwitz, Inge"]
[Result "0-1"]
[WhiteElo "1412"]
[BlackElo "1255"]
[PlyCount "113"]
[EventDate "2012.04.??"]
[EventType "swiss"]
[EventRounds "9"]
[EventCountry "GER"]
[WhiteTeam "Lage Turm SK"]
[BlackTeam "Berlin Wedding SG"]

1. d4 d6 2. Nf3 Nf6 3. Nbd2 g6 4. b3 Bg7 5. Bb2 c6 6. e4 Nbd7 7. Bd3 Qc7 8. O-O
O-O 9. Re1 e5 10. Rc1 a6 11. c4 b5 12. a3 Qb8 13. h3 Re8 14. Nf1 Nh5 15. d5 Bb7
16. Qd2 Nf4 17. Bb1 Nc5 18. Rcd1 Nxb3 19. Qc3 Nc5 20. Ba2 Na4 21. Qd2 Nxb2 22.
Qxb2 Qc7 23. Qd2 c5 24. Kh2 Qd7 25. Ng1 Nh5 26. g3 Qe7 27. Qe2 Bh6 28. Rd3 Bc8
29. Rb3 Bd7 30. Nd2 Nf4 31. Qf3 Nh5 32. Rc3 Bxd2 33. Ree3 Bxc3 34. Rxc3 f5 35.
Ne2 Rf8 36. Qg2 Qg5 37. Ng1 f4 38. g4 Ng7 39. f3 h5 40. gxh5 Qxg2+ 41. Kxg2
Nxh5 42. Ne2 Kg7 43. Nc1 Rh8 44. Ne2 Ng3 45. Ng1 Rh5 46. cxb5 Bxb5 47. Bc4 Rah8
48. Bxb5 axb5 49. Rb3 Rb8 50. Rb2 b4 51. axb4 Rxb4 52. Ra2 Kf6 53. Ne2 Nxe2 54.
Rxe2 Rg5+ 55. Kh2 Rb3 56. Rf2 c4 57. h4 0-1

[Event "Hessen Senioren-ch 2012  8th"]
[Site "Bad Sooden-Adf. (14.4.-22.4)"]
[Date "2012.04.21"]
[Round "8.86"]
[White "Nols, Uwe"]
[Black "Fuhlrott, Heinz"]
[Result "0-1"]
[WhiteElo "1171"]
[BlackElo "1501"]
[PlyCount "54"]
[EventDate "2012.04.??"]
[EventType "swiss"]
[EventRounds "9"]
[EventCountry "GER"]
[WhiteTeam "Itzehoer SV"]
[BlackTeam "Winsen Fichte MTV"]

1. e4 c6 2. Bc4 d5 3. exd5 cxd5 4. Be2 Bf5 5. Bg4 Bxg4 6. Qxg4 Nf6 7. Qa4+ Nc6
8. d4 g6 9. Nf3 Qa5+ 10. Qxa5 Nxa5 11. O-O Bg7 12. Bf4 Rc8 13. Nc3 a6 14. Be5
e6 15. Rfe1 O-O 16. Re2 b5 17. Rae1 Rc6 18. h3 Nc4 19. g4 Nxb2 20. Nb1 Nc4 21.
Nbd2 Nxe5 22. Nxe5 Rxc2 23. g5 Nh5 24. Ndf3 Rxe2 25. Rxe2 Nf4 26. Rc2 Bxe5 27.
Nxe5 Nxh3+ 0-1

[Event "Hessen Senioren-ch 2012  8th"]
[Site "Bad Sooden-Adf. (14.4.-22.4)"]
[Date "2012.04.21"]
[Round "8.87"]
[White "Britz, Helmut"]
[Black "Ludwig, Siegfried"]
[Result "1/2-1/2"]
[WhiteElo "1344"]
[BlackElo "1412"]
[PlyCount "45"]
[EventDate "2012.04.??"]
[EventType "swiss"]
[EventRounds "9"]
[EventCountry "GER"]
[WhiteTeam "GER/"]
[BlackTeam "Hemmingen GSV"]

1. e4 e5 2. Nf3 Nc6 3. a3 d6 4. Bb5 Bd7 5. Nc3 Nf6 6. O-O Be7 7. d3 h6 8. Nd5
a6 9. Ba4 b5 10. Nxe7 Qxe7 11. Bb3 O-O 12. h3 Be6 13. Bxe6 fxe6 14. Nh2 Qf7 15.
c3 Qg6 16. Ng4 Rf7 17. Nxf6+ Rxf6 18. b4 d5 19. Qe2 Ne7 20. Ra2 Kh7 21. Be3 d4
22. Bd2 Qf7 23. c4 1/2-1/2

[Event "Hessen Senioren-ch 2012  8th"]
[Site "Bad Sooden-Adf. (14.4.-22.4)"]
[Date "2012.04.21"]
[Round "8.88"]
[White "Helm, Irmgard"]
[Black "Graffenberger, Marianne"]
[Result "1-0"]
[WhiteElo "1369"]
[BlackElo "1129"]
[PlyCount "60"]
[EventDate "2012.04.??"]
[EventType "swiss"]
[EventRounds "9"]
[EventCountry "GER"]
[WhiteTeam "Berlin Oberschöneweide TSG"]
[BlackTeam "Hamburger SK"]

1. d4 d5 2. e3 Nf6 3. c4 c6 4. a3 Nbd7 5. cxd5 cxd5 6. Bb5 Qa5+ 7. Nc3 Ne4 8.
Nge2 Nxc3 9. Nxc3 e6 10. Bd3 Nf6 11. Bd2 Qc7 12. Rc1 Qd8 13. Nb5 Bd6 14. h3 O-O
15. Nxd6 Qxd6 16. Bb4 Qd8 17. Bxf8 Kxf8 18. O-O a6 19. Qd2 b5 20. Qb4+ Kg8 21.
Rc2 Bd7 22. f3 a5 23. Qe1 g6 24. g4 Kg7 25. h4 Ne8 26. h5 gxh5 27. gxh5 Qg5+
28. Rg2 Qxg2+ 29. Kxg2 Nd6 30. Qg3+ Kh8 1-0